Titres de chansons de Charles Aznavour - Clic Quiz - Statistiques

Statistiques générales
  • Ce quiz a été pris 348 fois
  • Le résultat moyen est 17 sur 20
Statistiques - réponses
Hint Réponse % Correct
La Bohême
98%
Emmenez Moi
98%
Comme ils Disent
97%
For Me Formidable
96%
Hier Encore
95%
Plus bleu que tes Yeux
95%
Je m'voyais Déjà
94%
A ma Fille
94%
Non, je n'ai rien Oublié
94%
Parce que tu Crois
93%
Mes Emmerdes
91%
Tu t'laisses Aller
88%
Et Pourtant
87%
Mourir D'aimer
85%
L'amour c'est comme un Jour
83%
Les Comédiens
80%
Il faut Savoir
73%
Noël à Paris
63%
Que c'est triste Venise
52%
Nous irons à Vérone
43%
Aucun quiz correspondant
Distribution des résultats
% des personnes avec chaque résultat
Percentile par nombre de réponses
Votre historique - résultats
Vous n’avez pas pris ce quiz